Cities in Serbia - Sudden Death - Statistics

General Stats
  • This quiz has been taken 135 times
  • The average score is 10 of 27
Answers on the Grid
Answers color-coded by a green-red scale on the quiz's grid according to % correct below.
Vranje
Lipljan
Kumanovo
Prizren
Užice
Gospić
Vidin
Aleksinac
Beograd
Mali Zvornik
Zvornik
Novi Sad
Aleksandrovac
Nikšić
Pljevlja
Ohrid
Surdulica
Burgas
Negotin
Jagodina
Paraćin
Cerkno
Priština
Našice
Pakrac
Loznica
Trebinje
Niš
Trebnje
Vršac
Podgorica
Bečej
Baja
Kikinda
Slunj
Vojnić
Šid
Kosovska Mitrovica
Probištip
Drvar
Kosjerić
Kragujevac
Kruševac
Konjic
Subotica
Laktaši
Grocka
Sliven
Knjaževac
Pula
 
Answer Stats
Answer % Correct
Beograd
71%
Vranje
70%
Novi Sad
65%
Užice
57%
Niš
46%
Prizren
43%
Kragujevac
42%
Subotica
42%
Aleksinac
39%
Kruševac
36%
Aleksandrovac
35%
Kikinda
33%
Vršac
32%
Surdulica
30%
Jagodina
29%
Negotin
29%
Priština
29%
Kosovska Mitrovica
28%
Paraćin
28%
Bečej
26%
Knjaževac
25%
Loznica
25%
Šid
25%
Mali Zvornik
23%
Kosjerić
22%
Grocka
17%
Lipljan
16%
No matching quizzes found
Score Distribution
Percent of People with Each Score
Percentile by Number Answered
Your Score History
You have not taken this quiz